|
|
|
|
| LEADER |
00000nab a2200000 a 4500 |
| 001 |
vtls009094222 |
| 003 |
SK-MaSNL |
| 005 |
20260304151951.0 |
| 008 |
250506c2007 xo ||||||o| ||00 b|slo |
| 015 |
|
|
|a SNBRB2007/09
|2 snkbucl
|
| 035 |
|
|
|a (sysno)vtls009094222
|
| 035 |
|
|
|a urn:nbn:sk:snk-ab787n
|
| 035 |
|
|
|a (uuid)0cb8618a-8304-4733-8ab8-d4d97bd441ec
|
| 035 |
|
|
|a (urnnbn)urn:nbn:sk:snk:ar-a0761i
|
| 038 |
|
|
|a SNKBUCL
|
| 040 |
|
|
|a SNKBUCL
|b slo
|c SNKBUCL
|e AACR2
|
| 041 |
0 |
|
|a cze
|
| 044 |
|
|
|a xo
|c SK
|
| 080 |
|
|
|a 82.09:821.161.3-32
|x (082)
|x (048)
|2 1997
|
| 080 |
|
|
|a 821.161.3-32
|x (082)
|x (048)
|2 1997
|
| 100 |
1 |
|
|a Pospíšil, Ivo,
|d 1952-
|4 aut
|9 14288
|
| 245 |
1 |
0 |
|a Dva české překlady běloruské a ukrajinské povídky
|c Ivo Pospíšil
|
| 500 |
|
|
|a S. Smatryčenka je zostavovateľom recenzovanej antológie
|
| 650 |
0 |
7 |
|a bieloruské poviedky
|2 snkbucl
|9 239145
|
| 650 |
0 |
7 |
|a literárne antológie
|2 snkbucl
|9 428514
|
| 655 |
|
7 |
|a recenzie
|2 snkbucl
|9 21907
|
| 773 |
0 |
|
|t Filologická revue
|g Č. 1 (2007), s. 96-99
|x 1335-3624
|
| 787 |
0 |
8 |
|i Rec.:
|a Smatryčenka, Sjarhej
|t Antologie běloruských povídek
|d Brno : Větrné mlýny, 2006
|z 8086907279
|
| 850 |
|
|
|a Slovenská národná knižnica
|
| 852 |
|
|
|a Slovenská národná knižnica
|
| 954 |
|
|
|a odborná, vedecká literatúra cudzojazyčná (svetová)
|2 lita
|
| 958 |
|
|
|a article27
|
| 958 |
|
|
|a RC
|
| 958 |
|
|
|a CZ
|
| 958 |
|
|
|a LX
|
| 958 |
|
|
|a BY
|
| 958 |
|
|
|a OND
|
| 958 |
|
|
|a EUIPO
|
| 999 |
|
|
|c 2946608
|d 2948538
|